<?xml version="1.0" encoding="UTF-8"?>
<record
    xmlns:xsi="http://www.w3.org/2001/XMLSchema-instance"
    xsi:schemaLocation="http://www.loc.gov/MARC21/slim http://www.loc.gov/standards/marcxml/schema/MARC21slim.xsd"
    xmlns="http://www.loc.gov/MARC21/slim">

  <leader>00781nas a22002057a 4500</leader>
  <controlfield tag="005">20140630104912.0</controlfield>
  <controlfield tag="006">a|||||r|||| 00| 0 </controlfield>
  <controlfield tag="007">ta</controlfield>
  <controlfield tag="008">090723t        xxu||||| |||| 00| 0 hn  d</controlfield>
  <datafield tag="022" ind1=" " ind2=" ">
    <subfield code="a">0303-3821</subfield>
  </datafield>
  <datafield tag="245" ind1=" " ind2=" ">
    <subfield code="a">&#x92D;&#x93E;&#x930;&#x924;&#x940;&#x92F; &#x915;&#x943;&#x937;&#x93F; &#x905;&#x928;&#x941;&#x938;&#x902;&#x927;&#x93E;&#x928; &#x92A;&#x924;&#x94D;&#x930;&#x93F;&#x915;&#x93E; /</subfield>
    <subfield code="c"> &#x90F;&#x92E;. &#x90F;&#x932; &#x905;&#x917;&#x94D;&#x930;&#x935;&#x93E;&#x932; &#x926;&#x94D;&#x935;&#x93E;&#x930;&#x93E; &#x938;&#x902;&#x92A;&#x93E;&#x926;&#x93F;&#x924;</subfield>
  </datafield>
  <datafield tag="246" ind1=" " ind2=" ">
    <subfield code="a">Bhartiya krishi anusandhan patrika</subfield>
  </datafield>
  <datafield tag="247" ind1=" " ind2=" ">
    <subfield code="a">Research journal of agricultural and animal science</subfield>
  </datafield>
  <datafield tag="260" ind1=" " ind2=" ">
    <subfield code="a">Karnal</subfield>
    <subfield code="b">Bhartiya krishi anusandhan Samiti</subfield>
    <subfield code="c">2014-</subfield>
  </datafield>
  <datafield tag="300" ind1=" " ind2=" ">
    <subfield code="a">&#x916;&#x923;&#x94D;&#x921;</subfield>
    <subfield code="c">26 &#x938;&#x947;.&#x92E;&#x940;.</subfield>
  </datafield>
  <datafield tag="310" ind1=" " ind2=" ">
    <subfield code="a">&#x905;&#x930;&#x94D;&#x927;&#x94D;&#x926;&#x935;&#x93E;&#x930;&#x94D;&#x937;&#x93F;&#x915;</subfield>
  </datafield>
  <datafield tag="700" ind1=" " ind2=" ">
    <subfield code="a">Agarwal, M L , ed.</subfield>
  </datafield>
  <datafield tag="270" ind1=" " ind2=" ">
    <subfield code="a">1130, Sadar </subfield>
    <subfield code="b">Karnal</subfield>
    <subfield code="e">132001</subfield>
  </datafield>
  <datafield tag="942" ind1=" " ind2=" ">
    <subfield code="2">ddc</subfield>
    <subfield code="c">SR</subfield>
    <subfield code="s">1</subfield>
  </datafield>
  <datafield tag="999" ind1=" " ind2=" ">
    <subfield code="c">85758</subfield>
    <subfield code="d">85758</subfield>
  </datafield>
  <datafield tag="952" ind1=" " ind2=" ">
    <subfield code="0">0</subfield>
    <subfield code="1">0</subfield>
    <subfield code="2">ddc</subfield>
    <subfield code="4">0</subfield>
    <subfield code="7">1</subfield>
    <subfield code="8">NFIC</subfield>
    <subfield code="a">DBAD</subfield>
    <subfield code="b">DBAD</subfield>
    <subfield code="d">2014-06-30</subfield>
    <subfield code="l">0</subfield>
    <subfield code="r">2014-06-30 00:00:00</subfield>
    <subfield code="w">2014-06-30</subfield>
    <subfield code="y">SR</subfield>
  </datafield>
</record>
